Central Library OPAC University of Rajshahi

علم ہندسہ بطرز جدید ;; ilm hinsah baters jadid / (Record no. 86499)

MARC details
000 -LEADER
fixed length control field 00615nam a22002057a 4500
001 - CONTROL NUMBER
control field 86499
003 - CONTROL NUMBER IDENTIFIER
rucl marc code BD-RjUL
005 - DATE AND TIME OF LATEST TRANSACTION
control field 20260518113449.0
008 - FIXED-LENGTH DATA ELEMENTS--GENERAL INFORMATION
fixed length control field 260518s1957 pk ||||| |||| 00| 0 urd d
035 ## - SYSTEM CONTROL NUMBER
System control number (BD-RjUL) 86499
040 ## - CATALOGING SOURCE
Original cataloging agency BD-RjUL
Language of cataloging eng
Transcribing agency BD-RjUL
041 ## - LANGUAGE CODE
Language code of text/sound track or separate title urd
082 ## - DEWEY DECIMAL CLASSIFICATION NUMBER
Edition number 23
Classification number 513
Author mark and year HAI 1957
100 ## - MAIN ENTRY--PERSONAL NAME
Personal name ہال، ایچ - ایس ;; Hall, H. - S.
9 (RLIN) 18509
245 ## - TITLE STATEMENT
Title علم ہندسہ بطرز جدید ;; ilm hinsah baters jadid /
Statement of responsibility, etc. H - S Hall ;; ایچ - ایس ہال
260 ## - PUBLICATION, DISTRIBUTION, ETC. (IMPRINT)
Place of publication, distribution, etc. Agra :
Date of publication, distribution, etc. 1957
300 ## - PHYSICAL DESCRIPTION
Pagination 432 p. ;
Size 17 cm
650 ## - SUBJECT ADDED ENTRY--TOPICAL TERM
Topical term or geographic name as entry element geometry
Form subdivision Modern
9 (RLIN) 18508
942 ## - ADDED ENTRY ELEMENTS (KOHA)
Source of classification or shelving scheme Dewey Decimal Classification
Koha item type Books
Holdings
Lost status Source of classification or shelving scheme Damaged status Not for loan Collection code Permanent Location Current Location Shelving location Date acquired Total Checkouts Full call number Date last seen Copy number Koha item type
  Dewey Decimal Classification   Not For Loan Non-fiction Central Library, University of Rajshahi Central Library, University of Rajshahi Reading Room 18/05/2026   U 516.04 HAI 1957 18/05/2026 C-1 Books